000 00617nam a2200157 4500
001 2898
005 20181127170015.0
090 0 0 _aBBA INT. BUS. No.5
245 0 0 _aBhutan Telecom :
_bTechnical feasibility and financial feasibility of Bhutan Telecom.
_c
_h
260 0 0 _a[Thimphu] :
_b[Royal Thimphu College],
_c2012
300 0 0 _a22 leaves
500 _aStudent research project for BBA 601: International Business (Spring 2012); Swati Chakroborty, lecturer.
500 0 0 _aSpiral-bound xerographic copy
610 _aBhutan Telecom.
_b
_c
_d
_e
_f
_g
_k
_l
_m
_n
_o
_p
_r
_s
_t
_v
_x
_y
_z
_2
650 0 0 _aTelecommunications --Bhutan.
_x
999 _c2326
_d2326